[Event "ROM-ch U18"]
[Site "Calimanesti"]
[Date "2014.04.08"]
[Round "3"]
[White "Deaconu, Mihai Ionut"]
[Black "Delgado Vlaic, Adrian"]
[Result "1-0"]
[WhiteElo "1891"]
[BlackElo "1994"]
[PlyCount "52"]
[EventDate "2014.04.06"]
[EventType "swiss"]
[EventRounds "9"]
[EventCountry "ROU"]
[SourceTitle "CBM 160 Extra"]
[Source "ChessBase"]
[SourceDate "2014.07.01"]
[SourceVersion "1"]
[SourceVersionDate "2014.07.01"]
[SourceQuality "1"]

1. e4 e6 2. d4 d5 3. exd5 exd5 4. Bd3 Bd6 5. Nf3 Nc6 6. c3 Bg4 7. 0-0 Nge7 8. Re1 Qd7 9. Nbd2 0-0-0 10. b4 Rde8 11. a4 Ng6 12. Rxe8+ Rxe8 13. a5 Nf4 14. Bf1 Re6 15. b5 Ne7 16. c4 Rg6 17. g3 Nf5 18. c5 Be7 19. Bb2 Qe6 20. b6 a6 21. c6 Qxc6 22. Rc1 Qe6 23. Rxc7+ Kb8 24. Qc2 Nd6 25. Ne5 Qf6 26. Nxg4 Rxg4 1-0

[Event "ROM-ch U18"]
[Site "Calimanesti"]
[Date "2014.04.06"]
[Round "1"]
[White "Ghitoiu Stelzner, Luigi Rafael"]
[Black "Delgado Vlaic, Adrian"]
[Result "0-1"]
[WhiteElo "1652"]
[BlackElo "1994"]
[PlyCount "86"]
[EventDate "2014.04.06"]
[EventType "swiss"]
[EventRounds "9"]
[EventCountry "ROU"]
[SourceTitle "CBM 160 Extra"]
[Source "ChessBase"]
[SourceDate "2014.07.01"]
[SourceVersion "1"]
[SourceVersionDate "2014.07.01"]
[SourceQuality "1"]

1. e4 e6 2. d4 d5 3. e5 c5 4. c3 Qb6 5. Nf3 Bd7 6. Bd3 cxd4 7. cxd4 Bb5 8. 0-0 Nc6 9. Nc3 Bxd3 10. Qxd3 a6 11. Be3 Nge7 12. Rfc1 Nf5 13. a3 Na5 14. Nd2 Be7 15. Rc2 0-0 16. Rac1 Nxe3 17. Qxe3 Nc6 18. Nf3 Qa5 19. b4 Qxa3 20. Nxd5 Bxb4 21. Nxb4 Qxb4 22. Rc4 Qb6 23. Qd3 h6 24. Rb1 Qc7 25. d5 exd5 26. Qxd5 Rad8 27. Qe4 Qe7 28. Re1 Rfe8 29. h3 Qe6 30. Rc2 Qd5 31. Rce2 Qxe4 32. Rxe4 Re6 33. Nh4 Rd4 34. f4 Rxe4 35. Rxe4 g5 36. fxg5 hxg5 37. Nf3 f6 38. Kf2 Nxe5 39. Ke3 Kf7 40. Kd4 Nxf3+ 41. gxf3 Rxe4+ 42. fxe4 Ke6 43. Kc5 Ke5 0-1

[Event "ROM-chT2"]
[Site "Olanesti"]
[Date "2013.10.16"]
[Round "5.5"]
[White "Fulger, Ionut Alexandru"]
[Black "Delgado Vlaic, Adrian"]
[Result "1-0"]
[WhiteElo "1940"]
[BlackElo "1998"]
[PlyCount "61"]
[EventDate "2013.10.12"]
[EventType "team-tourn"]
[EventRounds "9"]
[EventCountry "ROU"]
[SourceTitle "EXT 2014"]
[Source "ChessBase"]
[SourceDate "2013.11.20"]
[SourceVersion "1"]
[SourceVersionDate "2013.11.20"]
[SourceQuality "1"]
[WhiteTeam "Targoviste Chindia"]
[BlackTeam "Timis Sinandrei"]
[WhiteTeamCountry "ROU"]
[BlackTeamCountry "ROU"]

1. d4 Nf6 2. Nf3 e6 3. e3 d5 4. Bd3 c5 5. b3 Nc6 6. Nbd2 Bd6 7. Bb2 Qc7 8. a3 0-0 9. 0-0 e5 10. dxe5 Nxe5 11. Nxe5 Bxe5 12. Bxe5 Qxe5 13. c4 Bg4 14. Qc2 Rad8 15. h3 Bh5 16. Rfe1 Rfe8 17. Nf1 Qe7 18. f4 h6 19. f5 Ne4 20. Bxe4 dxe4 21. g4 Qg5 22. Qg2 Rd3 23. gxh5 Qxf5 24. Ng3 Qg5 25. Qf2 Rxb3 26. Rab1 Rxa3 27. Rxb7 f5 28. Kh2 Rf8 29. Qb2 Rd3 30. Nxe4 fxe4 31. Rg1 1-0

[Event "ROM-chT2"]
[Site "Olanesti"]
[Date "2013.10.14"]
[Round "3.6"]
[White "Delgado Vlaic, Adrian"]
[Black "Barbuleanu, Serban Ioan"]
[Result "1-0"]
[WhiteElo "1998"]
[BlackElo "1922"]
[PlyCount "49"]
[EventDate "2013.10.12"]
[EventType "team-tourn"]
[EventRounds "9"]
[EventCountry "ROU"]
[SourceTitle "EXT 2014"]
[Source "ChessBase"]
[SourceDate "2013.11.20"]
[SourceVersion "1"]
[SourceVersionDate "2013.11.20"]
[SourceQuality "1"]
[WhiteTeam "Timis Sinandrei"]
[BlackTeam "Oltenia Craiova"]
[WhiteTeamCountry "ROU"]
[BlackTeamCountry "ROU"]

1. e4 c5 2. c3 d5 3. exd5 Qxd5 4. d4 Nf6 5. Nf3 Bg4 6. Nbd2 Nc6 7. Bc4 Bxf3 8. Qb3 Na5 9. Qb5+ Qd7 10. Nxf3 Nxc4 11. Qxc4 cxd4 12. Nxd4 Rc8 13. Qe2 e6 14. 0-0 Be7 15. Rd1 a6 16. Nf5 Qb5 17. Nxg7+ Kf8 18. Nxe6+ fxe6 19. Qxe6 Rc6 20. Rd8+ Kg7 21. Qxe7+ Kg6 22. Rxh8 Qf5 23. Be3 Re6 24. Qf8 Re8 25. Qh6+ 1-0

[Event "ROM-ch"]
[Site "Baile Olanesti"]
[Date "2013.02.20"]
[Round "6"]
[White "Albescu, Nicolae"]
[Black "Delgado Vlaic, Adrian"]
[Result "1/2-1/2"]
[WhiteElo "1828"]
[BlackElo "1957"]
[PlyCount "79"]
[EventDate "2013.02.16"]
[EventType "swiss"]
[EventRounds "11"]
[EventCountry "ROU"]
[SourceTitle "CBM 153 Extra"]
[Source "ChessBase"]
[SourceDate "2013.04.22"]
[SourceVersion "1"]
[SourceVersionDate "2013.04.22"]
[SourceQuality "1"]

1. e4 e6 2. d4 d5 3. Nc3 Bb4 4. e5 c5 5. a3 Bxc3+ 6. bxc3 Qc7 7. Ne2 Bd7 8. g3 Bb5 9. Bd2 Nc6 10. Be3 Nge7 11. Nf4 Bxf1 12. Kxf1 cxd4 13. cxd4 Na5 14. Kg2 Nc4 15. Re1 0-0 16. Bc1 Ng6 17. Nh5 Rac8 18. Qg4 Nb6 19. Re2 Qc3 20. Rb1 Rc4 21. Bb2 Qa5 22. h4 Rfc8 23. Nxg7 Kxg7 24. h5 Rxc2 25. hxg6 hxg6 26. Rxc2 Rxc2 27. Qh4 Nc4 28. Qf6+ Kg8 29. Rh1 Ne3+ 30. Kh3 Nf5 31. Kg4 Ng7 32. Bc1 Nh5 33. Rxh5 gxh5+ 34. Kxh5 Rxc1 35. Qg5+ Kf8 36. Qxc1 Ke8 37. Qh6 Ke7 38. Qf6+ Ke8 39. Qh8+ Kd7 40. Qf8 1/2-1/2

[Event "Albena Masters op"]
[Site "Albena"]
[Date "2012.06.02"]
[Round "8"]
[White "Delgado Vlaic, Adrian"]
[Black "Steil Antoni, Fiona"]
[Result "1/2-1/2"]
[WhiteElo "1961"]
[BlackElo "2142"]
[PlyCount "64"]
[EventDate "2012.05.26"]
[EventType "swiss"]
[EventRounds "9"]
[EventCountry "BUL"]
[SourceTitle "CBM 148 Extra"]
[Source "ChessBase"]
[SourceDate "2012.06.22"]
[SourceVersion "1"]
[SourceVersionDate "2012.06.22"]
[SourceQuality "1"]

1. e4 e5 2. Nf3 Nc6 3. Bc4 Nf6 4. d3 Be7 5. c3 0-0 6. 0-0 d6 7. Bb3 Kh8 8. Nbd2 Ng8 9. d4 Bg4 10. h3 Bh5 11. g4 Bg6 12. d5 Nb8 13. Re1 h5 14. Nh2 hxg4 15. hxg4 Nf6 16. f3 Nh7 17. Ndf1 Bg5 18. Bxg5 Qxg5 19. Qd2 Qh4 20. Qf2 Qh6 21. Kg2 Ng5 22. Qg3 Kh7 23. Ne3 Rh8 24. Nf5 Bxf5 25. gxf5 Kg8 26. Ng4 Qh3+ 27. Qxh3 Nxh3 28. Rh1 Nf4+ 29. Kf2 Rxh1 30. Rxh1 Nd7 31. Ke3 a5 32. Ba4 Nc5 1/2-1/2

[Event "Albena op 19th"]
[Site "Albena"]
[Date "2011.07.02"]
[Round "8"]
[White "Halldorsson, Jon Arni"]
[Black "Delgado Vlaic, Adrian"]
[Result "1-0"]
[WhiteElo "2214"]
[BlackElo "1919"]
[PlyCount "165"]
[EventDate "2011.06.25"]
[EventType "swiss"]
[EventRounds "9"]
[EventCountry "BUL"]
[SourceTitle "CBM 143 Extra"]
[Source "ChessBase"]
[SourceDate "2011.08.29"]
[SourceVersion "1"]
[SourceVersionDate "2011.08.29"]
[SourceQuality "1"]

1. d4 Nf6 2. c4 e6 3. Nc3 d5 4. cxd5 exd5 5. Bg5 Nbd7 6. e3 Bb4 7. Bd3 c5 8. Nge2 0-0 9. 0-0 Bxc3 10. Nxc3 c4 11. Bc2 Qb6 12. b3 Qb4 13. Rc1 b5 14. Qf3 Bb7 15. bxc4 bxc4 16. Bf5 h6 17. Bh4 Qd6 18. Rb1 Bc6 19. Bg3 Qe7 20. Bf4 g5 21. Bg3 Ne4 22. Bxe4 dxe4 23. Qf5 Qf6 24. Qxf6 Nxf6 25. Rb4 Nd5 26. Rxc4 Nxc3 27. Rxc6 Nxa2 28. Rxh6 f6 29. h4 gxh4 30. Rxh4 Nc3 31. Bd6 Rfc8 32. Bb4 a5 33. Bxc3 Rxc3 34. Ra1 a4 35. Rxe4 a3 36. d5 Rb3 37. Rd4 a2 38. Rdd1 Kf8 39. d6 Ke8 40. d7+ Kd8 41. Kh2 Rb2 42. Kg3 Rab8 43. Rh1 Kxd7 44. Rh7+ Ke6 45. Ra7 Rg8+ 46. Kf3 Rg5 47. g4 f5 48. Ra6+ Ke5 49. Ra5+ Ke6 50. R1xa2 Rxa2 51. Rxa2 Rxg4 52. Ra6+ Ke5 53. Ra8 Rb4 54. Re8+ Kf6 55. Rf8+ Ke5 56. Re8+ Kf6 57. Rd8 Ke5 58. Rd4 Rb2 59. Ra4 Rb5 60. Kg3 Rb1 61. Ra5+ Ke4 62. f3+ Kxe3 63. Re5+ Kd4 64. Rxf5 Ke3 65. Re5+ Kd4 66. f4 Rg1+ 67. Kf3 Rf1+ 68. Kg4 Rf2 69. Kg5 Rg2+ 70. Kf5 Rf2 71. Re8 Kd5 72. Rd8+ Kc6 73. Kg5 Kc7 74. Rd1 Rg2+ 75. Kf6 Rf2 76. f5 Re2 77. Kg6 Rg2+ 78. Kf7 Rf2 79. f6 Rf3 80. Kg7 Rg3+ 81. Kf8 Rg2 82. f7 Rf2 83. Rg1 1-0

[Event "Albena op 19th"]
[Site "Albena"]
[Date "2011.06.25"]
[Round "1"]
[White "Delgado Vlaic, Adrian"]
[Black "Berbatov, Kiprian"]
[Result "0-1"]
[WhiteElo "1919"]
[BlackElo "2490"]
[PlyCount "52"]
[EventDate "2011.06.25"]
[EventType "swiss"]
[EventRounds "9"]
[EventCountry "BUL"]
[SourceTitle "CBM 143 Extra"]
[Source "ChessBase"]
[SourceDate "2011.08.29"]
[SourceVersion "1"]
[SourceVersionDate "2011.08.29"]
[SourceQuality "1"]

1. e4 c5 2. c3 d6 3. d4 Nf6 4. Bd3 Nc6 5. Ne2 g6 6. 0-0 Bg7 7. Be3 0-0 8. Nd2 Ng4 9. Nf3 Nxe3 10. fxe3 a6 11. Qe1 b5 12. Qg3 e5 13. d5 Ne7 14. c4 Bd7 15. Nd2 f5 16. Rab1 Qa5 17. Nb3 Qxa2 18. Nd2 Qa5 19. Nc3 f4 20. Qe1 g5 21. Qe2 b4 22. Ra1 Qd8 23. Na4 g4 24. Kh1 Ng6 25. b3 Rb8 26. g3 Qg5 0-1

[Event "EU-ch U14"]
[Site "Batumi"]
[Date "2010.09.24"]
[Round "6"]
[White "Delgado Vlaic, Adrian"]
[Black "Lamard, Guillaume"]
[Result "1/2-1/2"]
[WhiteElo "1901"]
[BlackElo "2186"]
[PlyCount "75"]
[EventDate "2010.09.20"]
[EventType "swiss"]
[EventRounds "9"]
[EventCountry "GEO"]
[SourceTitle "CBM 138 Extra"]
[Source "ChessBase"]
[SourceDate "2010.10.29"]
[SourceVersion "1"]
[SourceVersionDate "2010.10.29"]
[SourceQuality "1"]

1. e4 c5 2. c3 Nf6 3. e5 Nd5 4. d4 e6 5. Nf3 cxd4 6. cxd4 d6 7. Bc4 Nb6 8. Bd3 dxe5 9. Nxe5 Nc6 10. Nxc6 bxc6 11. Be4 Nd5 12. Nc3 Qb6 13. 0-0 Bd6 14. Re1 0-0 15. Qa4 Rb8 16. Rb1 Qa6 17. Qc2 h6 18. a3 Qb6 19. Rd1 Ba6 20. b4 Qc7 21. h3 Nf6 22. Bf3 Rfe8 23. Na4 Bb5 24. Nc5 Bxc5 25. dxc5 a5 26. Rd6 axb4 27. Rxb4 Nd5 28. Rg4 f5 29. Rg6 Qf7 30. Bh5 Nf6 31. Qd1 Nxh5 32. Qxh5 Be2 33. f3 Rb1 34. Kf2 Rxc1 35. Kxe2 Rc2+ 36. Kf1 Rxc5 37. Qxh6 f4 38. Kg1 1/2-1/2

[Event "EU-ch U14"]
[Site "Batumi"]
[Date "2010.09.20"]
[Round "1"]
[White "Beradze, Irakli"]
[Black "Delgado Vlaic, Adrian"]
[Result "1-0"]
[WhiteElo "2242"]
[BlackElo "1901"]
[PlyCount "59"]
[EventDate "2010.09.20"]
[EventType "swiss"]
[EventRounds "9"]
[EventCountry "GEO"]
[SourceTitle "CBM 138 Extra"]
[Source "ChessBase"]
[SourceDate "2010.10.29"]
[SourceVersion "1"]
[SourceVersionDate "2010.10.29"]
[SourceQuality "1"]

1. e4 e6 2. d4 d5 3. Nd2 c5 4. exd5 Qxd5 5. Ngf3 cxd4 6. Bc4 Qd6 7. 0-0 Nf6 8. Nb3 Nc6 9. Nbxd4 Nxd4 10. Nxd4 a6 11. c3 Qc7 12. Bd3 Bd6 13. h3 0-0 14. Bg5 Bh2+ 15. Kh1 Bf4 16. Bxf6 gxf6 17. Qh5 f5 18. g4 f6 19. gxf5 e5 20. Ne6 Bxe6 21. fxe6 Kh8 22. Qf5 Rg8 23. Qxf6+ Rg7 24. Be4 Qc4 25. Rae1 Rag8 26. Rg1 Bd2 27. Rxg7 Rxg7 28. e7 Qc8 29. Bf5 Qg8 30. Qxg7+ 1-0

[Event "EU Union-ch U14 8th"]
[Site "Mureck"]
[Date "2010.08.11"]
[Round "8"]
[White "Chalabi, Max"]
[Black "Delgado Vlaic, Adrian"]
[Result "0-1"]
[WhiteElo "1509"]
[BlackElo "1881"]
[PlyCount "76"]
[EventDate "2010.08.04"]
[EventType "swiss"]
[EventRounds "9"]
[EventCountry "AUT"]
[SourceTitle "CBM 138 Extra"]
[Source "ChessBase"]
[SourceDate "2010.10.29"]
[SourceVersion "1"]
[SourceVersionDate "2010.10.29"]
[SourceQuality "1"]

1. e4 e6 2. d4 d5 3. Nc3 Bb4 4. exd5 exd5 5. Bd3 Ne7 6. Qh5 Nbc6 7. a3 Bxc3+ 8. bxc3 Be6 9. Nf3 Qd7 10. Ng5 0-0-0 11. Nxe6 Qxe6+ 12. Qe2 Qxe2+ 13. Kxe2 Rhe8 14. f3 Nf5+ 15. Kf2 Nd6 16. Bf4 Na5 17. h4 h6 18. h5 Nac4 19. Rab1 a6 20. a4 Re7 21. Rhe1 Rde8 22. Rxe7 Rxe7 23. Rb4 Re6 24. Bxd6 Nxd6 25. a5 Kd7 26. c4 dxc4 27. Bxc4 Nxc4 28. Rxc4 Rc6 29. Rxc6 Kxc6 30. c4 b6 31. axb6 cxb6 32. d5+ Kc5 33. Ke3 b5 34. cxb5 axb5 35. Ke4 b4 36. Ke5 b3 37. d6 Kc6 38. f4 b2 0-1

[Event "EU Union-ch U14 8th"]
[Site "Mureck"]
[Date "2010.08.07"]
[Round "4"]
[White "Eltigani, Omar"]
[Black "Delgado Vlaic, Adrian"]
[Result "1-0"]
[WhiteElo "2245"]
[BlackElo "1881"]
[PlyCount "83"]
[EventDate "2010.08.04"]
[EventType "swiss"]
[EventRounds "9"]
[EventCountry "AUT"]
[SourceTitle "CBM 138 Extra"]
[Source "ChessBase"]
[SourceDate "2010.10.29"]
[SourceVersion "1"]
[SourceVersionDate "2010.10.29"]
[SourceQuality "1"]

1. c4 Nf6 2. g3 e6 3. Bg2 d5 4. Nf3 Bd6 5. d4 b6 6. cxd5 exd5 7. 0-0 Nbd7 8. Nc3 a6 9. Nh4 Bb7 10. Qb3 0-0 11. Nf5 Re8 12. Nxd6 cxd6 13. Re1 Ne4 14. Nxd5 Bxd5 15. Qxd5 Ndf6 16. Qb3 d5 17. Bf4 b5 18. Rac1 Qb6 19. Bxe4 Nxe4 20. Qxd5 Rad8 21. Bc7 Qxc7 22. Qxe4 Rxe4 23. Rxc7 Rexd4 24. Rec1 h5 25. Kg2 g6 26. h4 Rd2 27. R1c2 R8d7 28. Rc8+ Kg7 29. Kf3 b4 30. Ke3 Rd1 31. b3 Re7+ 32. Kf3 Re5 33. R8c5 Re7 34. Ra5 Re6 35. Ra4 Rd4 36. e3 Rde4 37. Rc7 R4e5 38. Rxb4 Ra5 39. a4 Rf5+ 40. Ke2 a5 41. Rbb7 Rd6 42. e4 1-0

[Event "Albena op"]
[Site "Albena"]
[Date "2010.06.10"]
[Round "8"]
[White "Ilic, Slobodan S"]
[Black "Delgado Vlaic, Adrian"]
[Result "1/2-1/2"]
[WhiteElo "2196"]
[BlackElo "1873"]
[PlyCount "113"]
[EventDate "2010.06.03"]
[EventType "swiss"]
[EventRounds "9"]
[EventCountry "BUL"]
[SourceTitle "CBM 136 Extra"]
[Source "ChessBase"]
[SourceDate "2010.07.02"]
[SourceVersion "2"]
[SourceVersionDate "2010.07.15"]
[SourceQuality "1"]

1. Nf3 Nf6 2. g3 e6 3. Bg2 d5 4. 0-0 Bd6 5. d3 b6 6. Nbd2 Bb7 7. e4 Nbd7 8. Re1 dxe4 9. Ng5 0-0 10. Ndxe4 Nxe4 11. Nxe4 Bc5 12. Qh5 Nf6 13. Qe2 Nxe4 14. dxe4 Qe7 15. e5 Bxg2 16. Kxg2 a6 17. a4 c6 18. Qf3 Qc7 19. Bg5 h6 20. Bf4 b5 21. Re4 Rfd8 22. Qh5 Kh7 23. Rae1 Rd4 24. Rxd4 Bxd4 25. Re4 Bc5 26. Bc1 Rd8 27. b4 Bf8 28. a5 c5 29. Be3 cxb4 30. Rf4 Rd7 31. Qe2 Qxe5 32. h4 Qd5+ 33. Kh2 Bc5 34. Bxc5 Qxc5 35. Qe4+ g6 36. Rf3 Qc4 37. Qa8 Qd5 38. Qxd5 exd5 39. Rb3 Rc7 40. Rb2 Rc4 41. Kg2 Kg7 42. Kf3 f5 43. Ke3 Kf6 44. Kd2 f4 45. Rb1 Kf5 46. Rf1 g5 47. hxg5 hxg5 48. Rh1 fxg3 49. fxg3 Rc6 50. Re1 Re6 51. g4+ Kf6 52. Rf1+ Kg6 53. Rf5 Rd6 54. Kd3 d4 55. Rc5 Kf6 56. Rf5+ Kg6 57. Rc5 1/2-1/2

[Event "Albena op"]
[Site "Albena"]
[Date "2010.06.06"]
[Round "4"]
[White "Ribarov, Valerij"]
[Black "Delgado Vlaic, Adrian"]
[Result "1-0"]
[WhiteElo "2122"]
[BlackElo "1873"]
[PlyCount "60"]
[EventDate "2010.06.03"]
[EventType "swiss"]
[EventRounds "9"]
[EventCountry "BUL"]
[SourceTitle "CBM 136 Extra"]
[Source "ChessBase"]
[SourceDate "2010.07.02"]
[SourceVersion "2"]
[SourceVersionDate "2010.07.15"]
[SourceQuality "1"]

1. Nf3 Nf6 2. c4 e6 3. g3 d5 4. Bg2 b6 5. 0-0 Bb7 6. cxd5 exd5 7. b3 Bd6 8. Bb2 Nbd7 9. d4 0-0 10. Qc2 Qe7 11. Nc3 a6 12. a3 c5 13. Rfd1 Rfd8 14. e3 Rac8 15. dxc5 bxc5 16. Rac1 Ne5 17. Na4 d4 18. Nxe5 Bxg2 19. Kxg2 Bxe5 20. exd4 Qb7+ 21. Kg1 cxd4 22. Qf5 Rxc1 23. Rxc1 Qd5 24. Rc8 d3 25. Nc3 d2 26. Nd1 Rf8 27. Rxf8+ Kxf8 28. Bxe5 Qb5 29. Bd6+ Kg8 30. Qxb5 axb5 1-0

[Event "Albena op"]
[Site "Albena"]
[Date "2010.06.03"]
[Round "1"]
[White "Delgado Vlaic, Adrian"]
[Black "Mrdja, Milan"]
[Result "0-1"]
[WhiteElo "1873"]
[BlackElo "2376"]
[PlyCount "84"]
[EventDate "2010.06.03"]
[EventType "swiss"]
[EventRounds "9"]
[EventCountry "BUL"]
[SourceTitle "CBM 136 Extra"]
[Source "ChessBase"]
[SourceDate "2010.07.02"]
[SourceVersion "2"]
[SourceVersionDate "2010.07.15"]
[SourceQuality "1"]

1. e4 Nf6 2. e5 Nd5 3. d4 d6 4. c4 Nb6 5. exd6 cxd6 6. Bd3 Nc6 7. Ne2 g6 8. Nbc3 Bg7 9. Be3 0-0 10. Qd2 Nb4 11. Ne4 Nxd3+ 12. Qxd3 Nxc4 13. Qxc4 d5 14. Qd3 dxe4 15. Qxe4 Qb6 16. b3 Qa6 17. Qc2 Bf5 18. Qc4 b5 19. Qb4 Qb7 20. 0-0 a5 21. Qd2 Rfd8 22. Rac1 b4 23. Rc5 Bd7 24. Rfc1 Bb5 25. Rc7 Qa6 26. Ng3 Ra7 27. Ne4 Rxc7 28. Rxc7 Qe6 29. Ng5 Qd6 30. Rc5 Qxc5 31. dxc5 Rxd2 32. Bxd2 h6 33. Nf3 e5 34. Ne1 Kf8 35. Nc2 Kg8 36. Ne1 Bf8 37. Nc2 Bxc5 38. Bxh6 Bd3 39. Ne3 f6 40. Nc4 Bxc4 41. bxc4 g5 42. h4 a4 0-1

[Event "ROM-ch U14"]
[Site "Voineasa"]
[Date "2010.04.10"]
[Round "4"]
[White "Delgado Vlaic, Adrian"]
[Black "Gheorghiu, Calin"]
[Result "0-1"]
[WhiteElo "1873"]
[BlackElo "1889"]
[PlyCount "102"]
[EventDate "2010.04.08"]
[EventType "swiss"]
[EventRounds "9"]
[EventCountry "ROU"]
[SourceTitle "EXT 2020"]
[Source "ChessBase"]
[SourceDate "2019.10.17"]
[SourceVersion "1"]
[SourceVersionDate "2019.10.17"]
[SourceQuality "1"]

1. e4 c5 2. c3 Nf6 3. e5 Nd5 4. d4 cxd4 5. Nf3 d6 6. cxd4 Nc6 7. Bc4 Nb6 8. Bb3 d5 9. Nc3 Bg4 10. Be3 e6 11. 0-0 Be7 12. Rc1 0-0 13. h3 Bh5 14. g4 Bg6 15. Nd2 Bd3 16. Ne2 f5 17. f4 fxg4 18. hxg4 Qe8 19. Rf2 Qg6 20. Rg2 Bb4 21. f5 Bxe2 22. Qxe2 exf5 23. Bc2 Bxd2 24. Qxd2 Nc4 25. gxf5 Nxd2 26. fxg6 Nf3+ 27. Kh1 Ncxd4 28. gxh7+ Kh8 29. Bxd4 Nxd4 30. Bb1 Rae8 31. Rd2 Rf4 32. Rcd1 Rxe5 33. Rg2 Nf3 34. Rc2 Rh5+ 35. Kg2 Rg5+ 36. Kf2 Nd4+ 37. Ke1 Re4+ 38. Kf2 Nxc2 39. Bxc2 Reg4 40. Bb3 Rf5+ 41. Ke3 Re4+ 42. Kd3 Rf3+ 43. Kc2 Re2+ 44. Kc1 Rff2 45. Rxd5 Re1+ 46. Bd1 Rff1 47. Kc2 Rxd1 48. Rxd1 Rxd1 49. Kxd1 Kxh7 50. Ke2 Kh6 51. Kf2 Kg5 0-1

[Event "Albena op"]
[Site "Albena"]
[Date "2009.06.28"]
[Round "9"]
[White "Delgado Vlaic, Adrian"]
[Black "Yakimenko, Anna"]
[Result "0-1"]
[WhiteElo "1771"]
[BlackElo "2091"]
[PlyCount "52"]
[EventDate "2009.06.20"]
[EventType "swiss"]
[EventRounds "9"]
[EventCountry "BUL"]
[SourceTitle "CBM 130 Extra"]
[Source "ChessBase"]
[SourceDate "2009.07.02"]
[SourceVersion "2"]
[SourceVersionDate "2009.07.15"]
[SourceQuality "1"]

1. e4 e6 2. d4 d5 3. Nc3 Bb4 4. e5 c5 5. a3 Bxc3+ 6. bxc3 Qa5 7. Qd2 Nc6 8. Nf3 Nge7 9. Bd3 c4 10. Be2 Qa4 11. h4 Bd7 12. 0-0 0-0-0 13. Nh2 Rdf8 14. Ng4 h5 15. Ne3 f6 16. f4 Be8 17. Nd1 Bg6 18. Nb2 Qxc2 19. Bd1 Qxd2 20. Bxd2 Be4 21. Be2 Nf5 22. Bf3 Bxf3 23. Rxf3 Nxh4 24. Rg3 Nf5 25. Rg6 Nce7 26. exf6 Nxg6 0-1

[Event "Albena op"]
[Site "Albena"]
[Date "2009.06.22"]
[Round "3"]
[White "Delgado Vlaic, Adrian"]
[Black "Mamaev, Evgeniy"]
[Result "1-0"]
[WhiteElo "1771"]
[BlackElo "2162"]
[PlyCount "97"]
[EventDate "2009.06.20"]
[EventType "swiss"]
[EventRounds "9"]
[EventCountry "BUL"]
[SourceTitle "CBM 130 Extra"]
[Source "ChessBase"]
[SourceDate "2009.07.02"]
[SourceVersion "2"]
[SourceVersionDate "2009.07.15"]
[SourceQuality "1"]

1. e4 c5 2. c3 d5 3. exd5 Qxd5 4. d4 cxd4 5. cxd4 e6 6. Nc3 Qd8 7. Nf3 Nf6 8. Bc4 Be7 9. Be3 0-0 10. 0-0 Nc6 11. a3 b6 12. Qe2 Bb7 13. Rfd1 Na5 14. Ba2 Nd5 15. Qd3 Nxc3 16. bxc3 Bxf3 17. gxf3 Bd6 18. Kg2 Qh4 19. h3 Rac8 20. c4 e5 21. c5 bxc5 22. Qa6 cxd4 23. Bd2 Rc6 24. Qxa5 Bc7 25. Qd5 Rg6+ 26. Kf1 Qxh3+ 27. Ke2 Rd6 28. Rh1 Qxh1 29. Rxh1 Rxd5 30. Bxd5 g6 31. Rc1 Bb6 32. Rc6 Kg7 33. Bb4 Rd8 34. Bc4 Rd7 35. Bb5 Rc7 36. Bd6 Rxc6 37. Bxc6 Kf6 38. Bd7 Bd8 39. a4 Be7 40. Bb8 Bc5 41. Kd3 Ke7 42. Bc8 f6 43. f4 exf4 44. Bxf4 g5 45. Bg3 h5 46. f3 f5 47. Bxf5 Kf6 48. Bh3 Bb6 49. Ke4 1-0

[Event "Bader Memorial op"]
[Site "Heves"]
[Date "2009.03.29"]
[Round "6"]
[White "Delgado Vlaic, Adrian"]
[Black "Balla, Tibor"]
[Result "1-0"]
[WhiteElo "1769"]
[BlackElo "2103"]
[PlyCount "99"]
[EventDate "2009.03.26"]
[EventType "swiss"]
[EventRounds "7"]
[EventCountry "HUN"]
[SourceTitle "EXT 2011"]
[Source "ChessBase"]
[SourceDate "2010.11.26"]
[SourceVersion "1"]
[SourceVersionDate "2010.11.26"]
[SourceQuality "1"]

1. e4 d6 2. d4 Nf6 3. Bd3 c6 4. f4 Qb6 5. c3 Na6 6. h3 c5 7. Ne2 Bd7 8. a4 cxd4 9. cxd4 Nb4 10. Nbc3 Nxd3+ 11. Qxd3 e6 12. 0-0 Bc6 13. Be3 d5 14. e5 Nd7 15. Ng3 g6 16. Qe2 a5 17. Rfc1 Be7 18. Rc2 Bb4 19. Rac1 Bxc3 20. Rxc3 Bxa4 21. f5 Bc6 22. fxe6 fxe6 23. Qg4 Nf8 24. b3 h5 25. Qg5 Qd8 26. Qf4 Qe7 27. h4 Nd7 28. Ne2 Qf7 29. Qg3 Qf5 30. Nf4 Nf8 31. Nh3 Qg4 32. Qf2 Nd7 33. Qf4 Qxf4 34. Nxf4 Nf8 35. Nh3 Kd7 36. Rf1 a4 37. bxa4 Rxa4 38. Rf7+ Kc8 39. Ng5 Rg8 40. Rc2 Ra3 41. Bc1 Rd3 42. Bb2 Nd7 43. Nxe6 Nb6 44. Nf4 Rd1+ 45. Kh2 Nc4 46. e6 Kd8 47. Bc3 Rb1 48. Ra2 b6 49. Raa7 Rb3 50. Nxg6 1-0

[Event "Bader Memorial op"]
[Site "Heves"]
[Date "2009.03.26"]
[Round "1"]
[White "Abel, Imre"]
[Black "Delgado Vlaic, Adrian"]
[Result "1-0"]
[WhiteElo "2015"]
[BlackElo "1769"]
[PlyCount "119"]
[EventDate "2009.03.26"]
[EventType "swiss"]
[EventRounds "7"]
[EventCountry "HUN"]
[SourceTitle "EXT 2011"]
[Source "ChessBase"]
[SourceDate "2010.11.26"]
[SourceVersion "1"]
[SourceVersionDate "2010.11.26"]
[SourceQuality "1"]

1. e4 e6 2. d3 d5 3. Nd2 c5 4. Ngf3 Nc6 5. g3 Nf6 6. Qe2 Be7 7. Bg2 0-0 8. e5 Nd7 9. 0-0 Qc7 10. Re1 b6 11. Nf1 Ba6 12. Bf4 Rac8 13. h4 Rfe8 14. N1h2 Na5 15. Ng4 Qb7 16. c3 f5 17. exf6 Bxf6 18. Nxf6+ Nxf6 19. Bh3 Kh8 20. Rab1 Nc6 21. Ng5 Nd8 22. Qf3 Qc6 23. Re2 Ra8 24. Rbe1 Bc8 25. c4 dxc4 26. Qxc6 Nxc6 27. Bg2 Bd7 28. dxc4 Rac8 29. Nf7+ Kg8 30. Nd6 Nd4 31. Rd2 Rcd8 32. Nxe8 Bxe8 33. Be3 Bf7 34. b3 e5 35. f3 Re8 36. Bg5 Re6 37. f4 exf4 38. Rxe6 Bxe6 39. Bxf4 Bg4 40. Be5 Ne6 41. Bb8 a6 42. Bd5 Nd7 43. Bc7 b5 44. Kf2 Kf7 45. Bf3 Nf6 46. Be5 Bf5 47. Rd6 bxc4 48. bxc4 a5 49. Ra6 Ne4+ 50. Ke3 Nf6 51. Ra7+ Kg6 52. Rxa5 Nd7 53. Bd6 Nb6 54. Be2 Nd4 55. Rxc5 Nxe2 56. Kxe2 Na4 57. h5+ Kf6 58. Be5+ Ke6 59. Ra5 Nb6 60. Ra6 1-0

[Event "ROM-ch"]
[Site "Eforie Nord"]
[Date "2009.02.06"]
[Round "7"]
[White "Delgado Vlaic, Adrian"]
[Black "Berintan, Teodor"]
[Result "1-0"]
[WhiteElo "1769"]
[BlackElo "2067"]
[PlyCount "73"]
[EventDate "2009.01.31"]
[EventType "swiss"]
[EventRounds "9"]
[EventCountry "ROU"]
[SourceTitle "CBM 130 Extra"]
[Source "ChessBase"]
[SourceDate "2009.07.02"]
[SourceVersion "2"]
[SourceVersionDate "2009.07.15"]
[SourceQuality "1"]

1. e4 c5 2. c3 d5 3. exd5 Qxd5 4. d4 Nc6 5. Nf3 Nf6 6. Be3 cxd4 7. cxd4 e6 8. Nc3 Bb4 9. a3 Bxc3+ 10. bxc3 Qa5 11. Bd2 Ne4 12. Bd3 Nxd2 13. Qxd2 0-0 14. 0-0 g6 15. Rfe1 Kg7 16. Qb2 Kg8 17. Rad1 Rb8 18. Be4 Ne7 19. c4 Rd8 20. Bc2 Qc7 21. Bb3 b6 22. d5 exd5 23. Qf6 Rb7 24. Ng5 Nf5 25. Rxd5 Rf8 26. c5 h6 27. Rxf5 Bxf5 28. Bxf7+ Qxf7 29. Nxf7 Rbxf7 30. Qc6 bxc5 31. Qxc5 Rc8 32. Qd5 Rcc7 33. f3 Kh7 34. Re8 Rg7 35. Qd8 g5 36. Rh8+ Kg6 37. Qd6+ 1-0